Top 10 Songs by Radiohead - Statistics

General Stats
  • This quiz has been taken 14 times
  • The average score is 7 of 10
Answer Stats
Hint Answer % Correct
1 Creep
92%
2 No Surprises
85%
6 High and Dry
77%
3 Karma Police
77%
5 Let Down
77%
7 Fake Plastic Trees
62%
4 Paranoid Android
62%
8 Exit Music
54%
9 All I Need
46%
10 Jigsaw Falling into Place
46%
No matching quizzes found
Score Distribution
Percent of People with Each Score
Percentile by Number Answered
Your Score History
You have not taken this quiz